000 00492nam a2200133 4500
999 _c9319
_d9319
008 180430b ||||| |||| 00| 0 eng d
082 _aDPer 050 Dec 2015-Mar 2016 T48 v186-187
100 _927711
_aKlein, Joe.
245 _aTo take out Donald Trump, Hillary Clinton must first stop acting like a politician/
_cJoe Klein.
260 _aNew York:
_bTime Inc.,
_c©Dec 2015-Mar 2016.
300 _av187 n11, page 44:
_billustration;
_c27 cm.
650 0 _927712
_aPolitics.
942 _2ddc
_cPER